00830nam a2200169 a 450000100100000000500170001000800410002704000250006810000330009324500520012626000770017830000420025504900090029795201670030695201700047399900170064300003293620200930065926.0110802s1933 dr 000 0 spa d aDO-SdBNPbspacBNPHU1 aGuzmán, F. Benjamin92379310aFulgores del tramonto. /cF. Benjamin Guzmán. aSantiago, República Dominicana :bEditora Corazón de Jésus,c1933. a1v. con varias paginaciones ;c24 cm. aBNPD 001050718RVaPDbPDcCTd2011-08-02iLF1l0o p32936-10r2020-06-25w2020-06-25y1zPerteneció a la biblioteca personal de Julio Ortega Frier.ZNo se presta 001050718RVaPDbPDcCTd2011-08-08iLF1l0o p32936-20r2020-06-25te. 2w2020-06-25y1zPerteneció a la biblioteca personal de Martínez Boog.ZNo se presta c32427d32427